[Event "Brno /Dedek mem. B/"]
[Site "?"]
[Date "2005.02.08"]
[Round "10"]
[White "Vesely, Jaromir"]
[Black "Hladil, Ivo"]
[Result "1/2-1/2"]
[WhiteElo "2046"]
[BlackElo "1838"]
[PlyCount "95"]
[EventDate "2005.01.04"]

1. d4 Nf6 2. Nf3 e6 3. Bg5 c5 4. e3 cxd4 5. exd4 Nc6 6. c3 Be7 7. Bd3 h6 8. Bf4
d6 9. h3 Bd7 10. Nbd2 Nd5 11. Bg3 g5 12. O-O Nf4 13. Bc2 Qc7 14. a4 Rc8 15. Ne1
h5 16. Nd3 Nxd4 17. Nxf4 gxf4 18. Bd3 fxg3 19. cxd4 Qb6 20. Nf3 gxf2+ 21. Rxf2
Bc6 22. a5 Qb4 23. a6 Kd7 24. axb7 Bxb7 25. Rxa7 Ke8 26. Ra4 Qb6 27. b4 Bf6 28.
b5 Rg8 29. Kf1 Rg3 30. Ne5 Bxg2+ 31. Rxg2 Rxg2 32. Kxg2 dxe5 33. Qxh5 Qb7+ 34.
Kf2 e4 35. Be2 Qb6 36. Kg2 Bxd4 37. Ra6 Qb7 38. Rxe6+ Kf8 39. Rd6 Bg7 40. Qd5
Qxd5 41. Rxd5 Rc2 42. Kf2 Ke7 43. b6 Rb2 44. Rb5 Rxb5 45. Bxb5 Bd4+ 46. Kg3
Bxb6 47. Kf4 e3 48. Kf3 {(1.55-2.10)} 1/2-1/2

[Event "Brno /Dedek mem. B/"]
[Site "?"]
[Date "2005.02.15"]
[Round "11"]
[White "Hnilicka, Michal"]
[Black "Zejda, Karel"]
[Result "0-1"]
[WhiteElo "1748"]
[BlackElo "1814"]
[PlyCount "160"]
[EventDate "2005.01.04"]

1. e4 c5 2. d4 cxd4 3. c3 d3 4. Bxd3 Nc6 5. Nf3 d6 6. O-O Nf6 7. Re1 Bg4 8.
Nbd2 a6 9. a4 Qc7 10. h3 Bh5 11. Nc4 e6 12. Bf4 Rd8 13. Qe2 Nd7 14. g4 Bg6 15.
Rad1 Nce5 16. Ncxe5 dxe5 17. Bg5 f6 18. Bh4 Be7 19. Bg3 O-O 20. Bc4 Bf7 21. Nd4
Qb6 22. a5 Qxa5 23. Nxe6 b5 24. Bd5 Nb6 25. Ra1 Na4 26. Nxd8 Bxd5 27. exd5 Qxd8
28. c4 Qb6 29. Rec1 Nc5 30. Qc2 bxc4 31. Qxc4 Qb5 32. b4 Nd3 33. Rxa6 Qxc4 34.
Rxc4 Nxb4 35. Ra7 Nxd5 36. Rc1 Re8 37. f3 Bb4 38. Be1 Bf8 39. Bd2 h6 40. Rd7
Nb6 41. Rb7 Nd5 42. Rc6 Rd8 43. Ba5 Ra8 44. Rb5 Nf4 45. h4 Ne2+ 46. Kf2 Nd4 47.
Rcb6 Nxb5 48. Rxb5 Rc8 49. Ke3 Kf7 50. Rb7+ Ke6 51. Rb6+ Kd5 52. Rb7 g6 53. Kd3
f5 54. Rb5+ Bc5 55. Bb4 e4+ 56. fxe4+ fxe4+ 57. Ke2 Kc4 58. Rxc5+ Rxc5 59. Bxc5
Kxc5 60. Ke3 Kd5 61. g5 h5 62. Ke2 Kd4 63. Kd2 e3+ 64. Ke2 Ke4 65. Ke1 Kf3 66.
Kf1 Kg3 67. Ke2 Kxh4 68. Kxe3 Kxg5 69. Kf3 h4 70. Kg2 Kg4 71. Kh2 g5 72. Kg2
h3+ 73. Kh2 Kh4 74. Kg1 Kg3 75. Kh1 g4 76. Kg1 Kf3 77. Kh1 Kf2 78. Kh2 g3+ 79.
Kxh3 g2 80. Kh4 g1=Q 0-1

[Event "Brno /Dedek mem. B/"]
[Site "?"]
[Date "2005.02.15"]
[Round "11"]
[White "Prokes, Karel"]
[Black "Vesely, Jaromir"]
[Result "0-1"]
[WhiteElo "1747"]
[BlackElo "2046"]
[PlyCount "74"]
[EventDate "2005.01.04"]

1. e4 e6 2. d4 d5 3. Nc3 Nf6 4. e5 Nfd7 5. Nf3 c5 6. Be3 cxd4 7. Bxd4 Nc6 8.
Bb5 a6 9. Bxc6 bxc6 10. Be3 c5 11. Bd2 Be7 12. O-O O-O 13. Re1 Bb7 14. Bf4 Re8
15. Qd2 Nf8 16. Bg5 f6 17. exf6 gxf6 18. Bh4 Qd7 19. Qh6 Ng6 20. Rad1 Bf8 21.
Qh5 Bg7 22. Ne4 Qe7 23. Neg5 fxg5 24. Nxg5 Be5 25. Nf3 Nxh4 26. Rxe5 Nxf3+ 27.
gxf3 Kh8 28. Rg5 Rg8 29. Rg4 e5 30. Kf1 Rxg4 31. fxg4 d4 32. Re1 e4 33. g5 Rg8
34. h4 Bc6 35. f4 e3 36. Ke2 Qe4 37. Kd1 Qxf4 0-1

[Event "Brno /Dedek mem. B/"]
[Site "?"]
[Date "2005.02.15"]
[Round "11"]
[White "Petrilak, Jan"]
[Black "Smistik, Milan"]
[Result "0-1"]
[WhiteElo "1623"]
[BlackElo "2273"]
[PlyCount "56"]
[EventDate "2005.01.04"]

1. e4 d5 2. exd5 Qxd5 3. Nf3 Nf6 4. c4 Qd6 5. Nc3 a6 6. Be2 e5 7. Ng5 Bf5 8.
Qb3 h6 9. Nxf7 Kxf7 10. c5+ Be6 11. Qxb7 Qc6 12. Qxc6 Nxc6 13. Bf3 e4 14. Nxe4
Nxe4 15. Bxe4 Re8 16. Bxc6 Bd7+ 17. Kd1 Bxc6 18. a4 Bxg2 19. Rg1 Bf3+ 20. Kc2
Bxc5 21. Kc3 Rb8 22. Rg3 Bd1 23. b4 Bxb4+ 24. Kc4 Bd6 25. Rg1 Be2+ 26. Kd4 Rb4+
27. Kc3 Rc4+ 28. Kb2 28... Rb8+ {(0.58-0.16)} 0-1

[Event "Brno /Dedek mem. B/"]
[Site "?"]
[Date "2005.02.15"]
[Round "11"]
[White "Doskar, Miloslav"]
[Black "Prokop, Petr"]
[Result "1-0"]
[WhiteElo "1685"]
[BlackElo "1621"]
[PlyCount "67"]
[EventDate "2005.01.04"]

1. d4 d5 2. c4 Nf6 3. Nf3 e6 4. Nc3 c6 5. e3 Nbd7 6. Bd3 dxc4 7. Bxc4 Bd6 8.
O-O O-O 9. Qc2 b5 10. Bd3 h6 11. Rd1 Bb7 12. e4 Be7 13. h3 Qc7 14. a3 Rac8 15.
Be3 a6 16. Rac1 Rfd8 17. b4 Qb8 18. Qb2 Bf8 19. Rc2 Qa8 20. Rdc1 Be7 21. Nd2
Ne8 22. Nb3 Ne5 23. Bf1 Nd7 24. f3 Qb8 25. Ne2 Bd6 26. e5 Bc7 27. f4 Bb6 28.
Ng3 f6 29. Nc5 Bxc5 30. bxc5 f5 31. Qb3 Nf8 32. Nxf5 Rc7 33. Nh4 Kf7 34. Be2 {
(1.05-1.25)} 1-0

[Event "Brno /Dedek mem. B/"]
[Site "?"]
[Date "2005.02.15"]
[Round "11"]
[White "Novak, Jaromir"]
[Black "Stanek, Stanislav"]
[Result "0-1"]
[WhiteElo "1955"]
[BlackElo "2009"]
[PlyCount "60"]
[EventDate "2005.01.04"]

1. e4 c5 2. Nf3 Nc6 3. d4 cxd4 4. Nxd4 d6 5. Nc3 e5 6. Ndb5 a6 7. Na3 Be6 8.
Be3 Rb8 9. Nd5 b5 10. c3 Bxd5 11. Qxd5 Qc7 12. f3 Nf6 13. Qd2 b4 14. cxb4 d5
15. Bc5 Bxc5 16. bxc5 dxe4 17. Bxa6 e3 18. Qc3 Nd5 19. Qc4 Qa5+ 20. Kf1 e2+ 21.
Kf2 Rxb2 22. Rhe1 Qxa3 23. Qxd5 Qxa6 24. Qd6 Qb7 25. a4 Qd7 26. Rxe2 Rxe2+ 27.
Kxe2 Qxd6 28. cxd6 Kd7 29. Ke3 Ra8 30. Ke4 30... Kxd6 {(1.06-1.01)} 0-1